Moving your library

Saved in:
Bibliographic Details
Main Author: McDonald, Andrew
Format: Book
Language:English
Published: London : Aslib, 1994
Series:Aslib know how series
Subjects:
Tags: Add Tag
No Tags, Be the first to tag this record!

MARC

LEADER 00000nam a2200000 i 4500
001 1/97213
008 971222s1994 eng d
020 |a 0-85142-328-0 
035 |l 10010470 
040 |a GR-MY-UA  |b gre  |e aacr 
041 0 |a eng 
082 0 |a 025.1 
100 1 |a McDonald, Andrew. 
245 1 0 |a Moving your library /  |c Andrew McDonald 
260 |a London :   |b Aslib,   |c 1994 
300 |a 36 p. 
490 1 |a Aslib know how series 
504 |a Includes bibliographical references 
650 0 0 |a Library moving. 
650 0 0 |a Library administration. 
830 0 |a Aslib know how series 
852 |a INST  |b LESVOS  |e 19971222  |h 025.1 MCD  |p 005100003007  |q 005100003007  |t BK  |y 0 
909 |a Λ  |b 037058 
950 |a 023-1994-09-01